000 01351 a2200217 4500
001 54311
005 20260407155814.0
008 260407a1995 arg spa d
003 AR-UNSa-BCEJYS
040 _aAR-UNSa-BCEJYS
_bspa
_cAR-UNSa-BCEJYS
080 _a504.06
_xProtección del medio ambiente. Gestión de la calidad del medio ambiente
245 1 0 _aEmpresa y medio ambiente
020 _a84-368-0872-X
264 1 _aMadrid :
_bEdiciones Pirámide
_c1995
300 _a293 p.
_c22 cm.
505 _a1. Algunos conceptos básicos de cología aplicada - 2. Empresa y medio ambiente en el contexto de la economía de mercado - 3. El marco jurídico ambiental para la empresa.La responsabilidad por daños ambientales en la unión europea - 4. el papel de los instrumentos económicos - 5. La inversión en medio ambiente en las empresas españolas - 6. Metodologías para la evaluación de impactos ambientales - 7. Auditorías medioambientales - 8. La gestión del medio ambiente en la empresa industrial - 9. Experiencias españolas (I):El caso Renfe - 10. Experiencias españolas (II):Las industrias aceitera y química - 11. Experiencias españolas (III):La minería a cielo abierto - 12. Experiencias internacionales
942 _cBK
590 _aniveau_biblio:m niveau_hierar:0
100 1 _aRuesga, Santos M.
700 1 _aDurán, Gemma
999 _c5479
_d5479